000 00775nam a22002177a 4500
005 20090728101126.0
008 090728t xxu||||| |||| 00| 0 eng d
010 _aENG-94579
020 _a9788190778374
_c99.00
035 _aEN-78112
037 _bDBAD / PUB
040 _adpl
_bEnglish
082 _a582.13
100 _aHosimin, K.
245 _aTaxonomy of angiosperms /
_cby K.Hosimin
260 _aErode
_bPallavi Publications
_c2008
270 _a194, Kanna Complex, Mettur Road
_bErode
_e11
300 _a130p.:
_bill.
_c20cm(pbk)
942 _2ddc
_cEN
_mHOS
_h582.13
999 _c28724
_d28724